Ingeniería económica: toma de decisiones económicas

Kaydedildi:
Detaylı Bibliyografya
Yazar: Taylor, George A (Yazar)
Materyal Türü: Kitap
Dil:İspanyolca
Baskı/Yayın Bilgisi: Ciudad de México Limusa 1970
Konular:
Etiketler: Etiketle
Etiket eklenmemiş, İlk siz ekleyin!

MARC

LEADER 00000nam a2200000 a 4500
001 UCV4708
003 CL-VaPUC
008 910724e19700000MX |||||||||||||||||spa|d
082 0 4 |a 658.403  |b TAY  |2 21 
100 0 |a Taylor, George A  |e author  |9 298901 
245 1 0 |a Ingeniería económica: toma de decisiones económicas 
300 |a 556 p 
942 |c BK 
945 |d 19910724 00:00:00 
260 |a Ciudad de México  |b Limusa  |c 1970 
650 0 |a Toma de decisiones   |9 257530 
650 7 |a TEORIA DE LAS DECISIONES  |2 CL-VaPUC  |9 260992 
650 0 |a Gestión   |9 260993 
583 |a last modification  |c 19910724 00:00:00  |k Rodrigo Vera 
999 |c 211410  |d 211408 
952 |0 0  |1 0  |4 0  |6 658_403000000000000_TAY_1970  |7 0  |8 A  |9 190638  |a BIBING  |b BIBING  |d 2019-11-14  |i 2583445  |l 3  |o 658.403 TAY 1970  |p 2583445  |r 2025-01-20  |s 2022-06-08  |w 2019-11-14  |y BK  |k TRA 
952 |0 0  |1 0  |4 0  |6 658_403000000000000_TAY_1970  |7 0  |8 A  |9 190640  |a BIBENE  |b BIBENE  |d 2019-11-14  |i 3277011  |o 658.403 TAY 1970  |p 3277011  |r 2025-01-15  |w 2019-11-14  |y BK  |k ICO